Fill in the Blanks K-pop (Everglow Ver.) - Statistics

General Stats
  • This quiz has been taken 11 times
  • The average score is 3 of 10
Answer Stats
Hint Answer % Correct
Love me, _____ me hate
100%
Knock, knock, there's a ______ monster
44%
Faster, stronger, ______, gotta be the best better
33%
The way we move from side to side, we shining like diamonds and _______ pearls
33%
_____ it up now, _____ it, _____ it up now shake
22%
Got no time for _______ haters
11%
Gonna be mad ______ girl lunatic
11%
______ for the crown rowing
11%
So damn _________ dangerous
0%
Want me to _____, man hang
0%
No matching quizzes found
Score Distribution
Percent of People with Each Score
Percentile by Number Answered
Your Score History
You have not taken this quiz